Normal view
MARC view
- Dr.Dee John
Entry Personal Name
001 - CONTROL NUMBER
- control field: 105349
003 - CONTROL NUMBER IDENTIFIER
- control field: NUST
005 - DATE AND TIME OF LATEST TRANSACTION
- control field: 20221220121753.0
008 - FIXED-LENGTH DATA ELEMENTS
- fixed length control field: 221220|| aca||aabn | a|a d
040 ## - CATALOGING SOURCE
- Original cataloging agency: NUST
- Transcribing agency: NUST
100 ## - HEADING--PERSONAL NAME
- Personal name: Dr.Dee John
670 ## - SOURCE DATA FOUND
- Source citation: Work cat.: (NUST)193731: Dr.Dee John, Three Famous Occultists
